Notas para el estudio económico de América Latina, 1981: Honduras

Sparad:
Bibliografiska uppgifter
Institutionell upphovsman: CEPAL
Materialtyp: Text
Publicerad: México D.F.: CEPAL
Taggar: Lägg till en tagg
Inga taggar, Lägg till första taggen!

MARC

LEADER 00000 a a2200000 04500
001 23002
003
040
090 |a 158500  
110 |a CEPAL  
245 |a Notas para el estudio económico de América Latina, 1981: Honduras  
260 |a México D.F.:   |b CEPAL  
300 |a 35 p.   |b **no definido**  
999 |c 15622  |d 15622